Statistiken für Astronomie

Klicken Sie hier um das Quiz zu spielen!

Allgemein

  • Dieses Quiz wurde 402 mal gespielt
  • Das Durchschnittsergebnis liegt bei 8 aus 20

Antwortstatistiken

FrageAntwort% Korrekt
Wie heißt der Stern um dem wir kreisen?Sonne
99%
Wie heißt der letzte Planet im Sonnensystem (nicht Pluto)?Neptun
96%
Wie heißt unsere Galaxie?Milchstraße
94%
Was verursacht die Gezeiten?Mond
76%
Was ist im Sommer der hellste Körper am Nachthimmel abgesehen vom Mond?Venus
59%
Wie nennt man die Materie, welche vermutlich unser Universum zusammen hält?Dunkle Materie
47%
Was würde entstehen, wenn ein Neutronenstern ein bisschen dichter wäre?Schwarzes Loch
43%
Was ist im Winter der hellste Körper am Nachthimmel abgesehen vom Mond?Jupiter
40%
Wie heißt der hellste Stern am Nachthimmel?Sirius
39%
Wie heißt die Explosion, die Elemente erschafft?Supernova
39%
Wie heißt die Sonde, die eine Distanz von 23 Milliarden km hinterlegt hat, und seit 1977 im All unterwegs ist?Voyager 1
36%
Wie heißt der Stern, der uns am nähersten liegt (nicht Sonne)?Proxima Centauri
28%
Wie nennt man den "Ort", der die Gesteinsplaneten von den Gas Planeten trennt?Asteroidengürtel
24%
Wie nennt man einen sich schnell drehenden Neutronenstern?Pulsar
24%
Wie alt ist das Universum in Milliarden Jahren?13,7
20%
Wie nennt man den Gürtel außerhalb Neptuns?Kuipergürtel
20%
Wie heißt das größte schwarze Loch das wir kennen?Ton 618
14%
Wie heißt das schwarze Loch im Zentrum unserer Galaxie?Sagittarius A*
12%
Wie heißt der Nebel auf dem Bild vom Quiz?Säulen der Schöpfung
7%
Wie heißt die Galaxie, in der wir zum ersten Mal ein schwarzes Loch "fotografiert" haben?Messier 87
3%

Verteilung der Resultate

Perzentil nach korrekt beantworteten Fragen

Anzahl Personen mit jedem Resultat

Ihre Resultats-Entwicklung

Sie haben dieses Quiz noch nicht gespielt